LIBRARY ONLINE CATALOGUE

The Christ-centered preaching of Martyn Lloyd-Jones : (Record no. 21675)

MARC details
000 -LEADER
fixed length control field 01677cam a2200409 i 4500
001 - CONTROL NUMBER
control field 18033126
003 - CONTROL NUMBER IDENTIFIER
control field OSt
005 - DATE AND TIME OF LATEST TRANSACTION
control field 20260615163022.0
008 - FIXED-LENGTH DATA ELEMENTS--GENERAL INFORMATION
fixed length control field 140206s2014 ilu b 000 0deng
010 ## - LIBRARY OF CONGRESS CONTROL NUMBER
LC control number 2013034666
020 ## - INTERNATIONAL STANDARD BOOK NUMBER
International Standard Book Number 9781433541025
Qualifying information hardcover
020 ## - INTERNATIONAL STANDARD BOOK NUMBER
International Standard Book Number 1433541025
Qualifying information hardcover
020 ## - INTERNATIONAL STANDARD BOOK NUMBER
Canceled/invalid ISBN 9781433541056 (ePub)
020 ## - INTERNATIONAL STANDARD BOOK NUMBER
Canceled/invalid ISBN 9781433541032 (PDF)
020 ## - INTERNATIONAL STANDARD BOOK NUMBER
Canceled/invalid ISBN 9781433541049 (Mobipocket)
035 ## - SYSTEM CONTROL NUMBER
System control number 18033126
040 ## - CATALOGING SOURCE
Original cataloging agency DLC
Language of cataloging eng
Transcribing agency DLC
Description conventions rda
Modifying agency DLC
042 ## - AUTHENTICATION CODE
Authentication code pcc
050 10 - LIBRARY OF CONGRESS CALL NUMBER
Classification number BV4253
Item number .L555 2014
082 00 - DEWEY DECIMAL CLASSIFICATION NUMBER
Classification number 252/.058
Edition number 23
100 1# - MAIN ENTRY--PERSONAL NAME
Personal name Lloyd-Jones, David Martyn.
240 10 - UNIFORM TITLE
Uniform title Sermons.
Form subheading Selections
245 14 - TITLE STATEMENT
Title The Christ-centered preaching of Martyn Lloyd-Jones :
Remainder of title classic sermons for the church today /
Statement of responsibility, etc. Martyn Lloyd Jones ; edited by Elizabeth Catherwood and Christopher Catherwood.
264 #1 - PRODUCTION, PUBLICATION, DISTRIBUTION, MANUFACTURE, AND COPYRIGHT NOTICE
Place of production, publication, distribution, manufacture Wheaton, Illinois :
Name of producer, publisher, distributor, manufacturer Crossway,
Date of production, publication, distribution, manufacture, or copyright notice 2014.
300 ## - PHYSICAL DESCRIPTION
Extent 277 pages ;
Dimensions 23 cm
336 ## - CONTENT TYPE
Content type term text
Content type code txt
Source rdacontent
337 ## - MEDIA TYPE
Media type term unmediated
Media type code n
Source rdamedia
338 ## - CARRIER TYPE
Carrier type term volume
Carrier type code nc
Source rdacarrier
504 ## - BIBLIOGRAPHY, ETC. NOTE
Bibliography, etc Includes bibliographical references (pages 275-276).
583 ## - ACTION NOTE
Action Cataloguing:
Time/date of action 20260615
Action agent gtanuigtanui
650 #0 - SUBJECT ADDED ENTRY--TOPICAL TERM
Topical term or geographic name as entry element Sermons, English
Chronological subdivision 20th century.
700 1# - ADDED ENTRY--PERSONAL NAME
Personal name Catherwood, Elizabeth,
Relator term editor of compilation.
776 08 - ADDITIONAL PHYSICAL FORM ENTRY
Relationship information Online version:
Main entry heading Lloyd-Jones, David Martyn.
Title Christ-centered preaching of Martyn Lloyd-Jones
Place, publisher, and date of publication Wheaton : Crossway, 2014
International Standard Book Number 9781433541032
Record control number (DLC) 2014008638
906 ## - LOCAL DATA ELEMENT F, LDF (RLIN)
a 7
b cbc
c orignew
d 1
e ecip
f 20
g y-gencatlg
942 ## - ADDED ENTRY ELEMENTS (KOHA)
Source of classification or shelving scheme Library of Congress Classification
Koha item type General Collection
Holdings
Withdrawn status Lost status Source of classification or shelving scheme Not for loan Home library Current library Shelving location Date acquired Source of acquisition Inventory number Total Checkouts Full call number Barcode Date last seen Copy number Price effective from Koha item type
    Library of Congress Classification   Kabarak, Main Campus Kabarak, Main Campus General Stacks 15/06/2026 Donation 2026/4457   BV4253 .L555 2014 C.1 38080 15/06/2026 C.1 15/06/2026 General Collection